City name puzzle - Statistics

General Stats
  • This quiz has been taken 216 times
  • The average score is 10 of 18
Answer Stats
Hint Explanation Answer % Correct
Wash USA ington
96%
Johannes South Africa burg
78%
Jakart Indonesia a
76%
Ma Philippines nila
69%
Lu Angola anda
68%
Dak Senegal ar
68%
O Japan saka
68%
Bang Thailand kok
64%
Ki Ukraine ev
56%
Chitta Bangladesh gong
55%
Fu Japan kuoka
51%
Man Bahrain ama
44%
Yan Myanmar gon
43%
Su China zhou
41%
B Switzerland ern
39%
Ham Canada ilton
39%
M India angalore
36%
Pan India ihati
14%
No matching quizzes found
Score Distribution
Percent of People with Each Score
Percentile by Number Answered
Your Score History
You have not taken this quiz